00558nam a2200157 a 450000100100000000500170001000800410002704000250006810000290009324500390012226000400016130000370020150000340023895201110027299900170038300004018420201002033952.0130814s1966 sp ac 000 0 spa d aDO-SdBNPbspacBNPHU1 aPanyella, Augusto96645510aRazas humanas /cAugusto Panyella. aBarcelona :bRamón Sopena,c1966. a703 p. :bils., retrs. ;c22 cm. aIncluye índice alfabético 001054708MOaGRbGRcCTd2013-08-14iLF1l0o p40184-10r2020-06-25w2020-06-25y4ZPréstamo en sala c39674d39674